000 00821nmc a2200301 a 4500
003 AR-BaBNM
005 20251128211046.0
008 092020s1999 ||||||||||||||000 | spa||
020 _a987-96575-27
040 _cAR-BaBNM
100 1 _aDíaz, Marcela
245 1 0 _a¿Orden o desorden?
_buna lectura del mundo contemporáneo
260 _aBuenos Aires
_bDel Signo
_c1999
300 0 _a110 p.
_bgráfs., tablas
490 0 _aSituaciones
_vv. 1
650 4 _aHISTORIA ECONOMICA
650 4 _aHISTORIA SOCIAL
650 4 _aSIGLO VEINTE
650 4 _aSINDICATOS
650 4 _aHISTORIA POLITICA
650 4 _aSISTEMAS ECONOMICOS INTERNACIONALES
653 0 _aNUEVAS TECNOLOGIAS
653 0 _aGLOBALIZACION
700 1 _aGarcía, Ruth
700 1 _aGonzález, Alejandra
942 _cBK
998 _cmariana
999 _c18047
_d18047